00462nam a2200109Ia 4500008004100000050002300041100002600064245014100090260008600231300002000317521001500337140724s9999 xx 000 0 und d aBF 723b.G633 2013 aGomez, Julio Mario M. aSocio-demographic factors as correlates to interpersonal relations of selected Brazillian Jiu Jitsu Enthusiasts /cJulio Mario M. Gomez. aLas Piñas, Philippines :bSouthville International School and Colleges,cc2013. a69 p. :c28 cm. aPsychology